filmographie catherine deneuve années 2000/2016 - Statistiques

Statistiques générales
  • Ce quiz a été pris 57 fois
  • Le résultat moyen est 9 sur 35
Statistiques - réponses
année film % Correct
2010 potiche
87%
2002 8 femmes
68%
2013 elle s'en va
66%
2005 palais royal
63%
2015 la tête haute
61%
2014 dans la cour
47%
2004 les temps qui changent
45%
2008 un conte de noel
39%
2014 l'homme qu'on aimait trop
37%
2002 au plus près du paradis
29%
2009 la fille du rer
26%
2011 les bien aimés
26%
2011 les yeux de sa mère
24%
2004 rois et reines
24%
2001 D'Artagnan
21%
2008 je veux voir
21%
2001 le petit poucet
21%
2012 les lignes de wellington
21%
2009 cyprien
18%
2000 dancer in the dark
18%
2009 mères et filles
18%
2010 l'homme qui voulait vivre sa vie
16%
2008 mes stars et moi
16%
2014 3 coeurs
13%
2001 absolument fabuleux
13%
2006 le héros de la famille
13%
2007 après lui
11%
2012 axterix et obelix au service de sa majesté
11%
2001 je rentre à la maison
11%
2009 bancs publics
8%
2015 le tout nouveau testament
8%
2007 persépolis
8%
2006 le concile de pierre
5%
2003 un film parlé
5%
2012 god loves caviar
0%
Aucun quiz correspondant
Distribution des résultats
% des personnes avec chaque résultat
Percentile par nombre de réponses
Votre historique - résultats
Vous n’avez pas pris ce quiz